• 首页
  • 本馆介绍
  • 公告通知
  • 最新文献
  • 馆藏检索
  • 电子资源
  • 读者导购
  • 参考咨询
  • 我的图书馆
  • 登录
  • 详细信息显示
  • 放入我的书架
  • 预约/预借图书
  • 作者相关作品
  • 分类相关作品
  • 丛书相关作品
  • 出版社相关作品

书目信息

  • 表格格式
  • 工作单格式
  • 卡片格式
题名:
法学概论
    
 
作者: 吴祖谋 主编
分册:  
出版信息: 北京   法律出版社  1982
页数: 390页
开本: 20cm
丛书名:
单 册:
中图分类: D903.9 , D90
科图分类:
主题词: 法的理论 , 法学 , 法学--概论
电子资源:
ISBN:
000 00656nam0 2200265 45
001 0182000003
005 20060731085516.51
010    @dCNY1.65
091    @a6004.491
100    @a19960215d1982 em y0chiy0121 ea
101 0  @achi
102    @aCN@b110000
105    @ay z 000yy
200 10 @a法学概论@Afa xue gai lun@f吴祖谋主编
210    @a北京@c法律出版社@d1982
215    @a390页@d20cm
300    @a高等学校法学试用教材
606 0  @a法的理论
606 0  @a法学
606    @a法学@x概论
690    @aD903.9
690    @aD90@v3
701  0 @a吴祖谋@Awu zu mou@4主编
801  0 @aCN@bNLC@c20060731
905    @f1@b86469@f4@b86474-477@dD90@e39
    
    法学概论/吴祖谋主编.-北京:法律出版社,1982
    390页;20cm
    高等学校法学试用教材
    
    ISBN :CNY1.65
    
●
相关链接 在E读中查询图书 在五车中查询图书 在当当中查询图书 在豆瓣中查询图书


正题名:法学概论     索取号:D90/39         预约/预借

序号 登录号 条形码 馆藏地/架位号 状态 备注
1 0086469   001031261   第一借阅区/ [索取号:D90/39] 在馆    
2 0086474   001031298   密集书库/ [索取号:D90/39] 在馆    
3 0086475   001026632   密集书库/ [索取号:D90/39] 在馆    
4 0086476   001031289   密集书库/ [索取号:D90/39] 在馆    
5 0086477   001031252   密集书库/ [索取号:D90/39] 在馆    
6 0440707   204407070   密集书库/ [索取号:D90/39] 在馆    
唐山师范学院图书馆 欢迎您!
大连网信软件有限公司© 版权所有